Capitales par drapeaux - Amérique du Nord et du Sud - Statistiques

Statistiques générales
  • Ce quiz a été pris 212 fois
  • Le résultat moyen est 22 sur 35
Statistiques - réponses
Par images Réponse % Correct
Brasilia
85%
Mexico
82%
Ottawa
81%
Panama
79%
Buenos Aires
78%
Lima
76%
Bogota
75%
La Havane
74%
Caracas
72%
Guatemala
72%
Quito
72%
Santiago
72%
Port-au-Prince
71%
Washington D.C
71%
Montevideo
69%
Asuncion
64%
Kingston
64%
San José
64%
San Salvador
64%
Saint-Domingue
63%
La Paz
61%
Nassau
61%
Tegucigalpa
58%
Georgetown
57%
Saint John's
54%
Belmopan
53%
Kingstown
53%
Port-d'Espagne
53%
Basseterre
51%
Bridgetown
51%
Castries
51%
Saint-Georges
51%
Paramaribo
50%
Managua
49%
Roseau
47%
Aucun quiz correspondant
Distribution des résultats
% des personnes avec chaque résultat
Percentile par nombre de réponses
Votre historique - résultats
Vous n’avez pas pris ce quiz